000 00496nam a2200181Ia 4500
008 240729s9999 xx 000 0 und d
022 _a2445-2874
245 0 _aPet Behaviour Science
260 _aSpain
260 _bUniversity of Cordoba
650 _a Animal culture | Science
650 _a Neurophysiology and neuropsychology
650 _a Physiology
650 _aAgriculture
856 _uhttps://doaj.org/toc/a6acb1c6f20d451793622058a68b2edf
942 _2ddc
942 _cDOAJEJ
999 _c74823
_d74823
945 _a1
_bMadushi Gamage
_c1
_dMadushi Gamage